000 00405nam a2200157Ia 4500
008 230116s9999 xx 000 0 und d
020 _a0385025548
041 _aeng
082 _a720.95
100 _aJencks C.
_9106461
245 _aModern Movements In Architecture.
260 _bAnchor Books.
_c1973
300 _a432
906 _b37.0
999 _c84050
_d84050